[Event "Montigny le Bretonneux Noel op 19th"]
[Site "Montigny le Bretonneux"]
[Date "2018.12.29"]
[Round "5"]
[White "Rafalimanana, Hary"]
[Black "Klein, Djimmy"]
[Result "0-1"]
[WhiteElo "1162"]
[BlackElo "1524"]
[PlyCount "46"]
[EventDate "2018.12.26"]
[EventType "swiss"]
[EventRounds "7"]
[EventCountry "FRA"]
[SourceTitle "CBM 188 Extra"]
[Source "ChessBase"]
[SourceDate "2019.02.26"]
[SourceVersion "1"]
[SourceVersionDate "2019.02.26"]
[SourceQuality "1"]

1. e4 e6 2. d4 c5 3. Nf3 cxd4 4. Nxd4 Nc6 5. c3 d5 6. e5 Nxe5 7. Bf4 Bd6 8. Qe2 Nc4 9. Bxd6 Nxd6 10. Nd2 a6 11. Qd3 Ne7 12. Qc2 e5 13. N4b3 Qb6 14. Nf3 Bf5 15. Qc1 Ne4 16. Qe3 Qc7 17. 0-0-0 0-0 18. Kb1 Nxc3+ 19. Ka1 Nxd1 20. Qg5 Nxf2 21. Rg1 Qc2 22. Nfd2 Nd3 23. g4 Qxb2# 0-1